00000000nas 2200000za 4500
0019.878457
003CaOODSP
00520221107165239
007cr |||||||||||
008190823d20002003oncar p o    f0   b0fre|d
022 |a1701-6630
040 |aCaOODSP|bfre
043 |an-cn---
0861 |aTU1-3/1F-PDF
1300 |aSommaire statistique du BST, événements aéronautiques (En ligne)
2100 |aSomm. stat. BST évén. aéronaut. |b(En ligne)
222 0|aSommaire statistique du BST, événements aéronautiques |b(En ligne)
24510|aSommaire statistique du BST, événements aéronautiques |h[ressource électronique].
2463 |aSommaire statistique du Bureau de la sécurité des transports, événements aéronautiques
260 |a[Ottawa : |bBureau de la sécurité des transports du Canada, |c2001?-2003]
310 |aAnnuel
3621 |aParaît depuis 2000?; ne paraît plus après 2003.
500 |aPubl. aussi en anglais sous le titre : TSB statistical summary, aviation occurrences.
69207|2gccst|aAccident d'avion
69207|2gccst|aSécurité aérienne
7102 |aBureau de la sécurité des transports du Canada.
77508|tTSB statistical summary, aviation occurrences |w(CaOODSP)9.878441
78500|tSommaire statistique des événements aéronautiques |w(CaOODSP)9.502182